000 00898cad a22002055a 4500
001 L152684
008 110412s2011 xxk f 000 0 eng d
035 _a(Sirsi) u152684
041 0 _aeng
110 2 _aCMS Cameron McKenna
_95874
245 0 4 _aThe Bribery Act
_bthe countdown begins
_h[electronic resource]
260 _aLondon
_bCMS Cameron McKenna LLP
_c2011
490 0 _aLaw-Now Article
520 _aLooks at the Guidance for The Bribery Act 2010; government policy and intention; statutory guidance; case studies and comment; associated person, joint ventures, corporate hospitality, facilitation payments.
590 _aKA NTK
651 4 _aUnited Kingdom
_y
690 _aMANAGEMENT-BUSINESS MANAGEMENT-PROFESSIONAL PRACTICE
856 4 0 _uhttps://www.law-now.com/law-now/2011/briberycommmar11.htm
_zRegister for this free online information service at www.law-now.com
942 _n0
999 _c112165
_d112165